00644pab a2200181 454500008004000000100002500040245011800065260000900183300001500192362000800207650003200215650003000247650002000277773003200297909001000329999001700339952010600356180718b2003 xxu||||| |||| 00| 0 eng d aOaikhenan, Hassan E. aThe impact of economic reform on the behaviour of stock prices: empirical evidence from the Nigerian stock market c2003 ap.287-304. aJan aFinancial markets - Nigeria aEconomic reform - Nigeria aEconomic reform aIndian Journal of Economics a56617 c56617d56617 00104070aIIPAbIIPAd2018-07-19hVolume no: 83, Issue no: 330pAR57062r2018-07-19w2018-07-19yAR